000 00281nam a2200109Ia 4500
008 220204s9999 xx 000 0 und d
082 _a065
_bKOO
245 0 _aToward a unified theory of management
260 _aNew York
_bMcGraw Hill
_c1964
700 _aKoontz, Harold
942 _cBK
999 _c24636
_d24636